000 00285nam a22001337a 4500
008 170228b xxu||||| |||| 00| 0 eng d
020 _a9780781744508
041 _aeng
080 _27TH
_a616.8-006
100 _a6
101 _aSHM
245 _aCANCER
_cDEVITA, V.T
942 _2udc
_cBK
999 _c6437
_d6437